00350nam a2200133Ia 4500008004100000041000800041082001700049100001700066245004500083250001400128260003500142300003200177365000700209240624s9999 xx 000 0 und d aeng a658.4012 BAR aBARNEY JAY B aGAINING AND SUSTAINING COMPETITIVE ADVAN a(2nd ed.) c2002aNew DelhibPrentice-Hall axxii, : 600 : p. : cm. ; 24 cRS